Studia nad praca zawodowa kobiet w okresie macierzynstwa

Gespeichert in:
Bibliographische Detailangaben
1. Verfasser: Kedelski, Mieczyslaw
Weitere Verfasser: Szuman, Alicja
Format: Buch
Sprache:Polnisch
Veröffentlicht: Warszawa Szkola glówna planowania i statystyki 1985
Tags: Tag hinzufügen
Keine Tags, Fügen Sie das erste Tag hinzu!

MARC

LEADER 00000nam a2200000 4500
001 c110888
005 20041019155148.2
041 0 |a pol 
044 |a PL 
245 1 0 |a Studia nad praca zawodowa kobiet w okresie macierzynstwa  |c Mieczyslaw Kedelski, Alicja Szuman 
264 1 |a Warszawa  |b Szkola glówna planowania i statystyki  |c 1985 
300 |a 265 s. 
100 1 |a Kedelski, Mieczyslaw 
700 1 |a Szuman, Alicja